How I Met your mother - Qui a dit...? - Statistiques

Statistiques générales
  • Ce quiz a été pris 773 fois
  • Le résultat moyen est 10 sur 12
Statistiques - réponses
Question Réponse % Correct
"Les filles dont le prénom se termine en « LY » sont toujours de grosses cochonnes. Polly, Kelly, Carly, Lily…" Barney
94%
"Se taper deux moches, c’est comme se taper une belle." Barney
93%
"Lily ne se rend pas compte que je suis défoncé." Marshall
89%
"Des nichons dans le dos ! L'union de la stimulation visuelle du missionnaire et de l'isolement émotionnel de la levrette." Barney
87%
"Alors où veux-tu qu'on le fasse pour la première fois en tant que couple marié ? Jolie chambre d'hôtel ou toilettes de la réception ?" Marshall
86%
"Dorénavant on déteste Ted. Tu es avec moi ou fini les sextos." Lily
84%
"Il y a deux grands jours dans toute histoire d'amour. Le jour où vous rencontrez la fille de vos rêves et le jour où vous l'épousez." Ted
84%
Rien de bon ne se passe après 2 heures du matin. Quand 2 heures du matin arrivent, rentrez chez vous et allez dormir. Ted
84%
"Bébé, je dois faire quelque chose, et si je le fais devant toi, ça changera complètement la nature de notre relation." Lily
80%
"Je t'assure, pour connaître l'âge d'une femme, regarde ses coudes" Barney
78%
"Les mecs sont comme le métro. T’en rates un, un autre arrive dans les 5 minutes. A moins que ce soit la fin de la nuit et alors t’as n’importe quoi." Robin
67%
"Certains couples se soutiennent toujours et certains se défient toujours. Mais l'un est-il vraiment meilleur que l'autre ? Oui. Le soutien est meilleur. Beaucoup mieux." Ted
48%
Aucun quiz correspondant
Distribution des résultats
% des personnes avec chaque résultat
Percentile par nombre de réponses
Votre historique - résultats
Vous n’avez pas pris ce quiz